LEADER 01251nam a2200265 i 4500 001 000000207088 003 CaOOAMICUS 005 20111021000000.0 008 111021s1934 it u000 u ita u 013 $a185863 040 $aSeMil$bita 100 1 $aKnickerbocker, Hubert Renfro.$0(OLS)http://semarc/name/74377 245 10$aCi sarà la guerra in Europa? =$b(Will war come to Europe?) /$cH. R. Knickerbocker ; Traduzione di Carlo Coardi. 246 01$a(Will war come to Europe?) 260 $aMilano :$bValentino Bompiani,$cstampa 1934. 300 $a293 p. ;$c22 cm. 490 0 $aLibri scelti : panorama del nostro tempo ;$v26. 650 4$aGuerra mondiale <1939-1945> - Previsioni - Ed. ante 1945.$0(OLS)http://semarc/subject/38863 700 1 $aCoardi, Carlo.$0(OLS)http://semarc/name/59999 830 0$aLibri scelti ;$v26.$0(OLS)http://semarc/title/23497 850 $aSeMil 852 $aSeMil$W1$xVenegono$y1$m3U III 25$j157551$B157551$CSeMilBibl$Z2$F168784 $81 996 $6245$aCi sarà la guerra in Europa? =$b(Will war come to Europe?)$9(OLS)http://semarc/title/299488 996 $6246$a(Will war come to Europe?)$9(OLS)http://semarc/title/299489 996 $6260$aMilano :$bValentino Bompiani$9(OLS)http://semarc/publisher/32383 LEADER 00920nam a2200241 i 4500 001 000000213051 003 CaOOAMICUS 005 20160304000000.0 008 160304s1962 it u000 u ita u 013 $a191901 040 $aSeMil$bita 100 1 $aRavera, Silvio.$0(OLS)http://semarc/name/40672 245 10$aDi là del fiume /$cSilvio Ravera ; prefazione di don Primo Mazzolari. 250 $a2. Ed. 260 $aVicenza :$bLa Locusta,$c1962. 300 $a189 p. ;$c18 cm. 650 4$aMinistero pastorale - Riflessioni.$0(OLS)http://semarc/subject/5252 700 1 $aMazzolari, Primo,$d<1890-1959>.$0(OLS)http://semarc/name/3525 850 $aSeMil 852 $aSeMil$W1$xVenegono$y1$m3G I 373$j163481$B163481$CSeMilBibl$Z2$F210417 $81 961 $aOmaggio: Altro 996 $6245$aDi là del fiume$9(OLS)http://semarc/title/307335 996 $6260$aVicenza :$bLa Locusta$9(OLS)http://semarc/publisher/31451